| 000 | 01914cam a22004337a 4500 | ||
|---|---|---|---|
| 999 |
_c57496 _d57496 |
||
| 001 | 19147525 | ||
| 005 | 20221105214954.0 | ||
| 008 | 160622s2017 enka bf 001 0 eng | ||
| 010 | _a 2016945507 | ||
| 020 | _a9780198703952 (pbk.) 1 | ||
| 020 | _a0198703953 (pbk.) 1 | ||
| 020 | _a9780191773129 (ebook) 1 | ||
| 040 |
_aDLC _beng _erda _cDLC |
||
| 041 | _aeng | ||
| 050 | 0 | 0 |
_aRJ251 _b.O94 2017 |
| 080 | _a616-053 G-80 | ||
| 082 | 0 | 0 |
_a618.92/01 _223 |
| 100 | 1 |
_aFox, Grenville, _eauthor. _98867 |
|
| 245 | 0 | 0 |
_aOxford handbook of neonatology / _cDr. Grenville Fox, Consultant Neonatologist, Evelina London Children's Hospital, Guy's & St Thomas NHS Foundation Trust, London, UK, Dr. Nicholas Hoque, Consultant Neonatologist, Queen Charlotte and St Mary's Hospitals, Imperial College Healthcare NHS Trust, UK, and Dr. Timothy Watts, Consultant Neonatologist, Evelina London Children's Hospital, Guy's & St Thomas NHS Foundation Trust, London, UK. |
| 246 | 3 | 0 | _aHandbook of neonatology |
| 250 | _aSecond edition. | ||
| 260 |
_aOxford, United Kingdom ; _bOxford University Press, _c2017. |
||
| 300 |
_a553 pages : _billustrations ; _c19 cm. |
||
| 336 |
_atext _btxt _2rdacontent |
||
| 337 |
_aunmediated _bn _2rdamedia |
||
| 338 |
_avolume _bnc _2rdacarrier |
||
| 490 | 0 | _aOxford medical publications | |
| 490 | 0 | _aOxford handbooks | |
| 650 | 0 |
_aNeonatology _vHandbooks, manuals, etc. _98833 |
|
| 653 | _aახალშობილთა დაავადებები | ||
| 653 | _aმედიცინა | ||
| 653 | _aპედიატრია | ||
| 700 | 1 |
_aHoque, Nicholas, _eავტორი _98868 |
|
| 700 | 1 |
_aWatts, Timothy, _eავტორი _98869 |
|
| 906 |
_a7 _bcbc _corigcop _d2 _encip _f20 _gy-gencatlg |
||
| 942 |
_2udc _cBK |
||
| 955 |
_brl09 2018-04-04 z-processor _irl09 2018-04-04 ; to Dewey |
||
| 955 |
_apc20 2016-06-22 _axn11 2017-09-13 1 copy rec'd., to USASH |
||